000 00675nam a22002417a 4500
001 48358
003 UA-OsUOA
005 20210725173802.0
007 ta
008 20070904b un ||||| |||| 00| 0 ukr d
040 _aUA-OsUOA
_bukr
_cUA-OsUOA
_dUA-OsUOA
041 _aukr
080 _a821.161.2
090 _a821.161.2
_bБ61
100 _aБілик І.
245 _aПохорон богів
_bроман
260 _aК.
_bДніпро
_c1988
300 _a571 с.
650 7 _a82 Література. Літературознавство
_2UDC
942 _cBK
_2udc
955 _a2
999 _c334463
_d334463